Regional development agencies: the next generation? : networking, knowledge and regional policies
Αποθηκεύτηκε σε:
| Άλλοι συγγραφείς: | , , |
|---|---|
| Μορφή: | Βιβλίο |
| Γλώσσα: | English |
| Δημοσίευση: |
London :
Routledge,
c2012
|
| Σειρά: | Regions and cities ;
; 59 |
| Θέματα: | |
| Ετικέτες: |
Προσθήκη ετικέτας
Δεν υπάρχουν, Καταχωρήστε ετικέτα πρώτοι!
|
MARC
| LEADER | 00000nam a2200000 i 4500 | ||
|---|---|---|---|
| 001 | 1/34743 | ||
| 008 | 130820s2012 eng d | ||
| 020 | |a 978-0-415-68848-2 (hbk.) | ||
| 035 | |l 10115332 | ||
| 040 | |a GR-MY-UA |b gre |e aacr | ||
| 041 | 0 | |a eng | |
| 082 | 0 | |a 307.12094 |2 (22) | |
| 245 | 1 | 0 | |a Regional development agencies: the next generation? : |b networking, knowledge and regional policies / |c edited by Nicola Bellini, Mike Danson and Henrik Halkier |
| 260 | |a London : |b Routledge, |c c2012 | ||
| 300 | |a xx, 316 σ.; |b διαγρ., πίν.; |c 24 εκ. | ||
| 490 | 1 | |a Regions and cities |v ; 59 | |
| 504 | |a Περιέχει βιβλιογραφικές παραπομπές και ευρετήριο | ||
| 650 | 0 | 0 | |a Regional planning |z Europe. |
| 650 | 0 | 0 | |a Economic development projects |z Europe. |
| 700 | 1 | |a Bellini, Nicola. |4 edt | |
| 700 | 1 | |a Danson, Mike. |4 edt | |
| 700 | 1 | |a Halkier, Henrik. |4 edt | |
| 830 | 0 | |a Regions and cities ; |v ; 59 | |
| 852 | |a INST |b CHIOS |e 20130820 |h 307.12094 REG |p 005200034791 |q 005200034791 |t BK |y 0 | ||
| 901 | |a BIBL2-2013-2 | ||
| 909 | |a Χ |b 181638 | ||
| 922 | |a 2ΕΛΗ |b 201307 |c ΤΑΚ/ΤΔΕ |d ΔΡΕΣ | ||
| 970 | |a ΣΠΕΝΤΖΑ |b ΕΛΕΝΗ |z 2013/08/20 | ||